<?xml version="1.0" encoding="UTF-8"?>
<collection xmlns:xsi="http://www.w3.org/2001/XMLSchema-instance" xsi:schemaLocation="http://www.loc.gov/MARC21/slim http://www.loc.gov/standards/marcxml/schema/MARC21slim.xsd" xmlns="http://www.loc.gov/MARC21/slim">
 <record>
  <leader>00000cam a22000004i 4500</leader>
  <controlfield tag="001">UP-99796217611949826</controlfield>
  <controlfield tag="003">Buklod</controlfield>
  <controlfield tag="005">20160301114426.0</controlfield>
  <controlfield tag="006">m    go  j        </controlfield>
  <controlfield tag="007">cr |n |||auu|a</controlfield>
  <controlfield tag="008">090526s2009    miuab   rb   s000 0|eng d</controlfield>
  <datafield tag="020" ind1=" " ind2=" ">
   <subfield code="a">9780915703715 (alk. paper)</subfield>
  </datafield>
  <datafield tag="020" ind1=" " ind2=" ">
   <subfield code="a">0915703718 (alk. paper)</subfield>
  </datafield>
  <datafield tag="035" ind1=" " ind2=" ">
   <subfield code="a">(iLib)UPD-00254210553</subfield>
  </datafield>
  <datafield tag="040" ind1=" " ind2=" ">
   <subfield code="a">DLC</subfield>
   <subfield code="d">DML</subfield>
   <subfield code="e">rda</subfield>
  </datafield>
  <datafield tag="041" ind1="0" ind2=" ">
   <subfield code="a">eng</subfield>
  </datafield>
  <datafield tag="042" ind1=" " ind2=" ">
   <subfield code="a">DMLUC</subfield>
  </datafield>
  <datafield tag="090" ind1=" " ind2=" ">
   <subfield code="a">F 1219</subfield>
   <subfield code="b">D66 2009</subfield>
  </datafield>
  <datafield tag="245" ind1="0" ind2="0">
   <subfield code="a">Domestic life in prehispanic capitals</subfield>
   <subfield code="b">a study of specialization, hierarchy, and ethnicity</subfield>
   <subfield code="c">edited by Linda R. Manzanilla and Claude Chapdelaine.</subfield>
  </datafield>
  <datafield tag="264" ind1=" " ind2="1">
   <subfield code="a">Ann Arbor, Michigan</subfield>
   <subfield code="b">University of Michigan, Museum of Anthropology</subfield>
   <subfield code="c">2009.</subfield>
  </datafield>
  <datafield tag="300" ind1=" " ind2=" ">
   <subfield code="a">xiv, 266 pages</subfield>
   <subfield code="b">illustrations, maps</subfield>
   <subfield code="c">28 cm.</subfield>
  </datafield>
  <datafield tag="336" ind1=" " ind2=" ">
   <subfield code="a">text</subfield>
   <subfield code="2">rdacontent</subfield>
  </datafield>
  <datafield tag="337" ind1=" " ind2=" ">
   <subfield code="a">unmediated</subfield>
   <subfield code="2">rdamedia</subfield>
  </datafield>
  <datafield tag="338" ind1=" " ind2=" ">
   <subfield code="a">volume</subfield>
   <subfield code="2">rdacarrier</subfield>
  </datafield>
  <datafield tag="490" ind1="0" ind2=" ">
   <subfield code="a">Memoirs of the Museum of Anthropology / University of Michigan</subfield>
   <subfield code="v">no. 46</subfield>
  </datafield>
  <datafield tag="490" ind1="0" ind2=" ">
   <subfield code="a">Studies in Latin American ethnohistory &amp; archaeology</subfield>
   <subfield code="v">v. 7</subfield>
  </datafield>
  <datafield tag="504" ind1=" " ind2=" ">
   <subfield code="a">Includes bibliographical references.</subfield>
  </datafield>
  <datafield tag="505" ind1="0" ind2=" ">
   <subfield code="a">Introduction: Mesoamerican domestic structures, compounds, and neighborhoods / Linda R. Manzanilla -- Ritual and social stratification at Monte Albán, Oaxaca : strategies from a household perspective / Ernesto González Licón -- Corporate life in apartment and barrio compounds at Teotihuacan, central Mexico : craft specialization, hierarchy, and ethnicity / Linda R. Manzanilla -- Household, workshop, guild, and barrio : the organization of obsidian craft production in a prehispanic urban center / Kenneth G. Hirth -- Household, neighborhood, and urban structure in an &quot;adobe city&quot; : Tula, Hidalgo, Mexico / Dan M. Healan -- Tikal : evidence for ethnic diversity in a prehispanic lowland Maya state capital / Marshall Joseph Becker -- Maya home life : daily practice, politics, and society in Copan, Honduras / Julia A. Hendon -- Beyond capitals and kings : domestic organization and ethnic dynamics at Chac-Sayil, Yucatan / Michael P. Smyth -- Introduction to Andean examples / Claude Chapdelaine -- Residence and ritual in Tiwanaku : hierarchy, specialization, ethnicity, and ceremony / John W. Janusek -- Domestic life in and around the urban sector of the Huacas of Moche Site, Northern Peru / Claude Chapdelaine -- Huari : a new direction in central Andean urban evolution / William H. Isbell -- Domestic economy as political economy at Chan Chan, Peru / John R. Topic -- Domestic life and craft specialization in Inka Cusco and its rural hinterland / R. Alan Covey -- Understanding houses, compounds, and neighborhoods / Joyce Marcus.</subfield>
  </datafield>
  <datafield tag="650" ind1=" " ind2="0">
   <subfield code="a">Indians of Mexico</subfield>
   <subfield code="x">Antiquities.</subfield>
  </datafield>
  <datafield tag="650" ind1=" " ind2="0">
   <subfield code="a">Indians of Central America</subfield>
   <subfield code="x">Antiquities.</subfield>
  </datafield>
  <datafield tag="650" ind1=" " ind2="0">
   <subfield code="a">Indians of South America</subfield>
   <subfield code="x">Antiquities.</subfield>
  </datafield>
  <datafield tag="650" ind1=" " ind2="0">
   <subfield code="a">Capitals (Cities)</subfield>
   <subfield code="z">Latin America</subfield>
   <subfield code="x">History.</subfield>
  </datafield>
  <datafield tag="650" ind1=" " ind2="0">
   <subfield code="a">Dwellings</subfield>
   <subfield code="z">Latin America</subfield>
   <subfield code="x">History.</subfield>
  </datafield>
  <datafield tag="650" ind1=" " ind2="0">
   <subfield code="a">Home</subfield>
   <subfield code="z">Latin America</subfield>
   <subfield code="x">History.</subfield>
  </datafield>
  <datafield tag="650" ind1=" " ind2="0">
   <subfield code="a">Neighborhoods</subfield>
   <subfield code="z">Latin America</subfield>
   <subfield code="x">History.</subfield>
  </datafield>
  <datafield tag="650" ind1=" " ind2="0">
   <subfield code="a">City and town life</subfield>
   <subfield code="z">Latin America</subfield>
   <subfield code="x">History.</subfield>
  </datafield>
  <datafield tag="650" ind1=" " ind2="0">
   <subfield code="a">Ethnoarchaeology</subfield>
   <subfield code="z">Latin America.</subfield>
  </datafield>
  <datafield tag="651" ind1=" " ind2="0">
   <subfield code="a">Latin America</subfield>
   <subfield code="x">Social life and customs.</subfield>
  </datafield>
  <datafield tag="700" ind1="1" ind2=" ">
   <subfield code="a">Manzanilla, Linda</subfield>
   <subfield code="e">editor.</subfield>
  </datafield>
  <datafield tag="700" ind1="1" ind2=" ">
   <subfield code="a">Chapdelaine, Claude</subfield>
   <subfield code="e">editor.</subfield>
  </datafield>
  <datafield tag="856" ind1="4" ind2="1">
   <subfield code="3">Table of contents only</subfield>
   <subfield code="u">http://www.loc.gov/catdir/toc/fy1002/2009021406.html</subfield>
  </datafield>
  <datafield tag="856" ind1=" " ind2=" ">
   <subfield code="z">(viewed 01 March 2016)</subfield>
  </datafield>
  <datafield tag="905" ind1=" " ind2=" ">
   <subfield code="a">FO</subfield>
  </datafield>
  <datafield tag="852" ind1="0" ind2=" ">
   <subfield code="a">UPD</subfield>
   <subfield code="b">DMLS</subfield>
   <subfield code="h">F 1219</subfield>
   <subfield code="i">D66 2009</subfield>
  </datafield>
  <datafield tag="942" ind1=" " ind2=" ">
   <subfield code="a">Book</subfield>
  </datafield>
 </record>
</collection>
